UFC Fighters by Picture #2 - Statistics

General Stats
  • This quiz has been taken 55 times
  • The average score is 10 of 16
Answer Stats
Picture Answer % Correct
Jose Aldo
87%
Justin Gaethje
87%
Anderson Silva
84%
Michael Bisping
84%
Nick Diaz
82%
Robert Whittaker
80%
Tyron Woodley
80%
Alexandre Pantoja
73%
Alexander Gustafsson
71%
Eddie Alvarez
60%
Dominick Cruz
56%
Matt Hughes
47%
Lyoto Machida
40%
Glover Teixeira
36%
Cain Velazquez
18%
Rafael dos Anjos
13%
No matching quizzes found
Score Distribution
Percent of People with Each Score
Percentile by Number Answered
Your Score History
You have not taken this quiz